<?xml version="1.0" encoding="UTF-8"?>
<collection xmlns="http://www.loc.gov/MARC21/slim">
 <record>
  <leader>01643nam a22004094a 4500</leader>
  <controlfield tag="001">33344</controlfield>
  <controlfield tag="003">BD-DhAAL</controlfield>
  <controlfield tag="005">20180714105628.0</controlfield>
  <controlfield tag="008">180714t2005    njua     b    001 0 eng  </controlfield>
  <datafield tag="999" ind1=" " ind2=" ">
   <subfield code="c">39721</subfield>
   <subfield code="d">39721</subfield>
  </datafield>
  <datafield tag="010" ind1=" " ind2=" ">
   <subfield code="a">  2005051363</subfield>
  </datafield>
  <datafield tag="015" ind1=" " ind2=" ">
   <subfield code="a">GBA582134</subfield>
   <subfield code="2">bnb</subfield>
  </datafield>
  <datafield tag="016" ind1="7" ind2=" ">
   <subfield code="a">013301561</subfield>
   <subfield code="2">Uk</subfield>
  </datafield>
  <datafield tag="020" ind1=" " ind2=" ">
   <subfield code="a">9780471754039 (cloth : alk. paper)</subfield>
  </datafield>
  <datafield tag="020" ind1=" " ind2=" ">
   <subfield code="a">047175403X (cloth : alk. paper)</subfield>
  </datafield>
  <datafield tag="035" ind1=" " ind2=" ">
   <subfield code="a">(OCoLC)ocm60882050</subfield>
  </datafield>
  <datafield tag="035" ind1=" " ind2=" ">
   <subfield code="a">(OCoLC)60882050</subfield>
  </datafield>
  <datafield tag="040" ind1=" " ind2=" ">
   <subfield code="a">DLC</subfield>
   <subfield code="c">DLC</subfield>
   <subfield code="d">BAKER</subfield>
   <subfield code="d">UKM</subfield>
   <subfield code="d">C#P</subfield>
   <subfield code="d">PUL</subfield>
   <subfield code="d">COO</subfield>
   <subfield code="d">MUQ</subfield>
   <subfield code="d">YDXCP</subfield>
   <subfield code="d">OCLCQ</subfield>
   <subfield code="d">BTCTA</subfield>
   <subfield code="d">DLC</subfield>
   <subfield code="d">BD-DhAAL</subfield>
  </datafield>
  <datafield tag="042" ind1=" " ind2=" ">
   <subfield code="a">pcc</subfield>
  </datafield>
  <datafield tag="050" ind1="0" ind2="0">
   <subfield code="a">TA403.6</subfield>
   <subfield code="b">.B4568 2005</subfield>
  </datafield>
  <datafield tag="082" ind1="0" ind2="0">
   <subfield code="a">620.11</subfield>
   <subfield code="2">22</subfield>
  </datafield>
  <datafield tag="100" ind1="1" ind2=" ">
   <subfield code="a">Beylerian, George M.</subfield>
   <subfield code="9">27078</subfield>
  </datafield>
  <datafield tag="245" ind1="1" ind2="0">
   <subfield code="a">Material ConneXion :</subfield>
   <subfield code="b">the global resource of new and innovative materials for architects, artists, and designers /</subfield>
   <subfield code="c">George M. Beylerian, Andrew Dent ; edited by Anita Moryadas.</subfield>
  </datafield>
  <datafield tag="260" ind1=" " ind2=" ">
   <subfield code="a">Hoboken, N.J. :</subfield>
   <subfield code="b">J. Wiley,</subfield>
   <subfield code="c">c2005.</subfield>
  </datafield>
  <datafield tag="300" ind1=" " ind2=" ">
   <subfield code="a">287 pages :</subfield>
   <subfield code="b">color illustrations ;</subfield>
   <subfield code="c">29 cm.</subfield>
  </datafield>
  <datafield tag="504" ind1=" " ind2=" ">
   <subfield code="a">Includes bibliographical references (page [274]) and index.</subfield>
  </datafield>
  <datafield tag="526" ind1=" " ind2=" ">
   <subfield code="a">ARC</subfield>
  </datafield>
  <datafield tag="541" ind1=" " ind2=" ">
   <subfield code="e">33344</subfield>
  </datafield>
  <datafield tag="650" ind1=" " ind2="0">
   <subfield code="a">Materials</subfield>
   <subfield code="x">Technological innovations.</subfield>
   <subfield code="9">27079</subfield>
  </datafield>
  <datafield tag="650" ind1=" " ind2="0">
   <subfield code="a">Architecture and technology.</subfield>
   <subfield code="9">27080</subfield>
  </datafield>
  <datafield tag="650" ind1=" " ind2="0">
   <subfield code="a">Design and technology.</subfield>
   <subfield code="9">27081</subfield>
  </datafield>
  <datafield tag="700" ind1="1" ind2=" ">
   <subfield code="a">Dent, Andrew.</subfield>
   <subfield code="9">27082</subfield>
  </datafield>
  <datafield tag="700" ind1="1" ind2=" ">
   <subfield code="a">Moryadas, Anita.</subfield>
   <subfield code="9">27083</subfield>
  </datafield>
  <datafield tag="710" ind1="2" ind2=" ">
   <subfield code="a">Material ConneXion (Firm)</subfield>
   <subfield code="9">27084</subfield>
  </datafield>
  <datafield tag="852" ind1=" " ind2=" ">
   <subfield code="a">Department of Architecture</subfield>
   <subfield code="c">General Stacks</subfield>
  </datafield>
  <datafield tag="942" ind1=" " ind2=" ">
   <subfield code="2">ddc</subfield>
   <subfield code="c">BK</subfield>
  </datafield>
  <datafield tag="952" ind1=" " ind2=" ">
   <subfield code="0">0</subfield>
   <subfield code="1">0</subfield>
   <subfield code="2">ddc</subfield>
   <subfield code="4">0</subfield>
   <subfield code="6">620_110000000000000_BEY</subfield>
   <subfield code="7">0</subfield>
   <subfield code="9">63749</subfield>
   <subfield code="a">BRACUL</subfield>
   <subfield code="b">BRACUL</subfield>
   <subfield code="c">GEN</subfield>
   <subfield code="d">2018-07-14</subfield>
   <subfield code="l">0</subfield>
   <subfield code="o">620.11 BEY</subfield>
   <subfield code="p">3010033344</subfield>
   <subfield code="r">2018-07-14</subfield>
   <subfield code="t">1</subfield>
   <subfield code="w">2018-07-14</subfield>
   <subfield code="y">BK</subfield>
   <subfield code="x">Transferred from ARC to BRACUL on 28/12/2023</subfield>
  </datafield>
 </record>
</collection>
